NEET UG 12 years 2013-2024 Chapter Wise & Topic Wise Solved Papers (Record no. 67843)
[ view plain ]
| 000 -LEADER | |
|---|---|
| fixed length control field | 00314nam a22001097a 4500 |
| 082 ## - DEWEY DECIMAL CLASSIFICATION NUMBER | |
| Classification number | 500 |
| 100 ## - MAIN ENTRY--AUTHOR NAME | |
| Personal name | PW |
| 245 ## - TITLE STATEMENT | |
| Title | NEET UG 12 years 2013-2024 Chapter Wise & Topic Wise Solved Papers |
| Sub Title | Physics,Chemistry And Biology |
| 260 ## - PUBLICATION, DISTRIBUTION, ETC. (IMPRINT) | |
| Name of publisher | Physics Wallah Publication |
| Year of publication | 2024 |
| 650 ## - SUBJECT ADDED ENTRY--TOPICAL TERM | |
| Topical Term | Science |
| 942 ## - ADDED ENTRY ELEMENTS (KOHA) | |
| Koha item type | Competitive Books |
| Withdrawn status | Lost status | Damaged status | Not for loan | Home library | Current library | Date acquired | Cost, normal purchase price | Full call number | Accession Number | Price effective from | Koha item type |
|---|---|---|---|---|---|---|---|---|---|---|---|
| MACL | MACL | 03/04/2025 | 549.00 | 500 | DPI003364 | 03/04/2025 | Competitive Books | ||||
| MACL | MACL | 03/04/2025 | 549.00 | 500 | DPI003362 | 03/04/2025 | Competitive Books | ||||
| MACL | MACL | 03/04/2025 | 549.00 | 500 | DPI003363 | 03/04/2025 | Competitive Books |









